LEADER 00850nam0-22002891i-450- 001 990006655490403321 005 20001010 035 $a000665549 035 $aFED01000665549 035 $a(Aleph)000665549FED01 035 $a000665549 100 $a20001010d--------km-y0itay50------ba 101 0 $aita 105 $ay-------001yy 200 1 $aContro la "funzionalizzazione" dell'impresa privata$fGustavo Minervini 210 $aPadova$cCedam$d1958 215 $a22 cm, pp. 21 300 $a"Estratto dalla 'Rivista di Diritto Civile"Anno IV-1958" 700 1$aMinervini,$bGustavo$0108979 801 0$aIT$bUNINA$gRICA$2UNIMARC 901 $aBK 912 $a990006655490403321 952 $aBUSTA IV A 6$b349$fFSPBC 959 $aFSPBC 996 $aContro la "funzionalizzazione" dell'impresa privata$9612483 997 $aUNINA DB $aGEN01